00389nam a2200145Ia 4500100001800000942000700018654001200025245003900037260002000076082001600096300000800112546001200120999001700132952009400149 aTaylor/ A.H.  cBK aCosting aCosting : A Management approach bPan Booksc1974 a657.42bTAY a192 aENGLISH c18151d18151 001040708CRCaCRCEbCRCEd2023-03-17l0o657.42 TAYp11099r2023-03-17w2023-03-17yBK